00491nam a22001697a 450000500170000001000160001702000260003302000260005903500140008503700130009908200110011210000150012324500710013826000280020927000570023730000270029420170511154035.0 aENG- 118110 a9788126921331c595.00 a9788126921324c595.00 aEN-101642 bDBAD/PUB a327.54 aAK AGARWAL aIndian industrialisation /bTrajectory redefined /cby AK AGARWAL aChennaibATLANTICc2016 a5, Nallathanbi Street, Wallajah Road, Chennai-600002 axxi, 256p.c23cm. (Hb)